[Event "Karvina Open 2013"]
[Site "Karvina CZE"]
[Date "2013.06.30"]
[Round "2.8"]
[White "Zabystrzan,P"]
[Black "Sawicki,M"]
[Result "1-0"]
[WhiteElo "2300"]
[BlackElo "2024"]

1.Nf3 d5 2.c4 d4 3.g3 Nc6 4.d3 e5 5.Bg2 Nf6 6.O-O a5 7.e3 Be7 8.Na3 O-O 9.exd4 exd4
10.Nb5 Bf5 11.Bf4 Ne8 12.Re1 Qd7 13.Nfxd4 Nxd4 14.Nxd4 Bb4 15.Nxf5 Bxe1 16.Qg4 Bxf2+
17.Kxf2 Kh8 18.Be5 f6 19.Bc3 Qxd3 20.Rd1 Qc2+ 21.Rd2 Qa4 22.Bxb7 Rb8 23.Bd5 Rd8
24.Ne7 c6 25.Ng6+  1-0

[Event "4th ch-Vojvodina Int"]
[Site "Novi Sad SRB"]
[Date "2013.06.30"]
[Round "4.1"]
[White "Drazic,S"]
[Black "Bodiroga,P"]
[Result "1/2-1/2"]
[WhiteElo "2463"]
[BlackElo "2369"]

1.Nf3 d5 2.c4 c6 3.b3 Bg4 4.Bb2 Nd7 5.e3 Ngf6 6.h3 Bh5 7.Be2 e6 8.O-O h6
9.Nc3 Be7 10.cxd5 cxd5 11.Re1 O-O 12.Nh4 Bxe2  1/2-1/2

[Event "Opatija Open A 2013"]
[Site "Opatija CRO"]
[Date "2013.06.30"]
[Round "2.3"]
[White "Fradkin,B"]
[Black "Pejic,Ig"]
[Result "1-0"]
[WhiteElo "2426"]
[BlackElo "2053"]

1.Nf3 d5 2.c4 c6 3.e3 Nf6 4.b3 e6 5.Bb2 Nbd7 6.Be2 Bd6 7.d4 O-O 8.O-O b6
9.Nbd2 Qc7 10.Rc1 Qb8 11.Bd3 Bb7 12.e4 e5 13.cxd5 cxd5 14.dxe5 Nxe5 15.Nxe5 Bxe5
16.Bxe5 Qxe5 17.Nf3 Qb2 18.e5 Ne4 19.Rc2 Qa3 20.Rc7 Rab8 21.e6 Nf6 22.Ng5 fxe6
23.Nxh7 Qd6 24.Nxf8 Kxf8 25.Qc1 Ng4 26.g3 Ne5 27.Rxb7 Nxd3 28.Rxb8+ Qxb8
29.Qe3 Nc5 30.b4 Ne4 31.f3 Nxg3 32.Re1 Nh5 33.Qxe6 Nf6 34.Rc1  1-0

[Event "Portuguese Honra A 2013"]
[Site "Sintra POR"]
[Date "2013.06.5"]
[Round "3.5"]
[White "Amoes,Francisco"]
[Black "Ribeiro,Jos"]
[Result "0-1"]
[WhiteElo "1915"]
[BlackElo "2103"]

1.Nf3 d5 2.c4 c6 3.g3 Nf6 4.Bg2 Bf5 5.b3 e6 6.Bb2 Nbd7 7.O-O Be7 8.d3 h6
9.Nbd2 O-O 10.Qc2 a5 11.a3 Qb6 12.Bc3 Rfe8 13.h3 Bh7 14.Qb2 Bf8 15.b4 axb4
16.axb4 Rxa1 17.Rxa1 e5 18.cxd5 cxd5 19.Nxe5 Nxe5 20.Bxe5 Qxb4 21.Bxf6 gxf6
22.Qxb4 Bxb4 23.Nb3 Rxe2 24.Bxd5 Rb2 25.Ra8+ Kg7 26.Rb8 Be1 27.Rxb7 Bxf2+
28.Kg2 Bxd3 29.Kf3 Bg6 30.g4 Bh4 31.Nd4 Rd2 32.Ne6+ Kh8 33.Rb8+ Kh7 34.Nf8+ Kg7
35.Nxg6 fxg6 36.Rg8+ Kh7 37.Rd8 Rf2+ 38.Ke3 Rh2 39.Kd4 Rxh3 40.Rd7+ Kh8 41.Kc5 f5
42.gxf5 gxf5 43.Rf7 Bf2+ 44.Kc6 Rc3+ 45.Kd7 Bd4 46.Rxf5 Kg7 47.Rf3 Rc1 48.Be4 Re1
49.Bd5 Be3 50.Kd6 Bg5 51.Rf7+ Kg6 52.Rf3 h5 53.Kc5 h4 54.Kd4 Bf6+ 55.Kd3 Rd1+
56.Kc4 Kg5 57.Rd3 Rc1+ 58.Kb3 Be5 59.Re3 Bg3 60.Rc3 Rd1 61.Bg2 Be5 62.Re3 Bf4
63.Rc3 Re1 64.Bc6 Be3 65.Bg2 Kf4 66.Rd3 Kg3 67.Bd5 h3 68.Kc3 h2 69.Kc2 Kf4
70.Rd1 Re2+ 71.Kd3 Rb2 72.Bh1 Bf2 73.Ra1 Kg3 74.Rd1 Bb6 75.Rf1 Rg2 76.Rf6 Rg1
77.Be4 Bd8 78.Rg6+ Kf2 79.Rh6 Bc7 80.Rh7 Rd1+ 81.Kc2 Re1 82.Kd3 Bf4 83.Rh3 Bg3
84.Rh7 Rd1+ 85.Kc2 Rd4 86.Bb7 Bh4 87.Rf7+ Kg1 88.Rg7+ Kf1 89.Rf7+ Bf2 90.Rh7 Rb4
91.Bf3 Bh4 92.Rf7 Rb6 93.Be4+ Bf6 94.Rb7 Re6 95.Rb1+ Kf2 96.Bh1 Re2+ 97.Kd3 Re3+
98.Kc2 Rg3 99.Bb7 Rg1 100.Rb6 Bg5 101.Rb1 Rg2 102.Kd3 Rg1 103.Kc2 Bd8 104.Bh1 Ba5
105.Bb7 Be1 106.Rd1 h1=Q 107.Bxh1 Rxh1 108.Rd3 Ke2 109.Rd7 Bf2 110.Rd2+ Kf3
111.Rd1 Rh4 112.Rd3+ Be3 113.Kc3 Rh5 114.Kc4 Ke4 115.Rd8 Rc5+ 116.Kb4 Bd4
117.Kb3 Kd3 118.Kb4 Rh5 119.Rd7 Rh1 120.Kb5 Rb1+ 121.Kc6 Rb6+ 122.Kc7 Rg6
123.Kd8 Ke4 124.Re7+ Be5 125.Kc8 Kd5 126.Kb7 Rh6 127.Kc8 Bd6 128.Re1 Kc6
129.Re8 Rh7 130.Kd8 Ra7  0-1

[Event "2nd Arberopen 2013"]
[Site "Bayerisch Eisenstein GER"]
[Date "2013.07.02"]
[Round "4.13"]
[White "Santl,A"]
[Black "Medunova,V"]
[Result "1/2-1/2"]
[WhiteElo "2069"]
[BlackElo "2133"]

1.Nf3 d5 2.c4 c6 3.e3 Nf6 4.d4 e6 5.Bd3 Be7 6.O-O O-O 7.Nc3 Nbd7 8.e4 dxe4
9.Nxe4 Nxe4 10.Bxe4 Nf6 11.Bc2 c5 12.Bg5 cxd4 13.Qd3 g6 14.Rfd1 Ng4 15.Bxe7 Qxe7
16.h3 Nf6 17.Qxd4 b6 18.Qd6 Qxd6 19.Rxd6 Bb7 20.Ne5 Rfc8 21.Ng4 Rc7 22.Rad1 Ne4
23.Rd7 Rac8 24.b3 Nc5 25.Rxc7 Rxc7  1/2-1/2

[Event "VIII Wroclaw Open A 2013"]
[Site "Wroclaw POL"]
[Date "2013.07.02"]
[Round "2.20"]
[White "Golebiowski,Marek"]
[Black "Cagara,P"]
[Result "0-1"]
[WhiteElo "1285"]
[BlackElo "2028"]

1.Nf3 d5 2.c4 c6 3.Qc2 g6 4.cxd5 cxd5 5.d4 Nc6 6.Bf4 Nf6 7.e3 Bg7 8.Nbd2 O-O
9.a3 Nh5 10.Bg3 f6 11.Bb5 Bf5 12.Qa4 Nxg3 13.hxg3 Qd6 14.Bxc6 bxc6 15.Ke2 Rfb8
16.Nh4 Bg4+ 17.f3 Bd7 18.f4 Rxb2 19.Rhb1 Rxb1 20.Rxb1 Qc7 21.Qb4 e5 22.Qb7 Bg4+
23.Kd3 Qxb7 24.Rxb7 e4+ 25.Nxe4 dxe4+ 26.Kxe4 Be2 27.d5 f5+ 28.Nxf5 gxf5+
29.Kxf5 cxd5 30.Ke6 Bf1 31.Kd7 Bxg2 32.Rb4 a5 33.Ra4 Bc3 34.Kc7 Re8 35.f5 Be4
36.Kd7 Kf7 37.g4 h6 38.f6 Re6 39.Rxa5  0-1

[Event "VIII Wroclaw Open A 2013"]
[Site "Wroclaw POL"]
[Date "2013.07.02"]
[Round "2.15"]
[White "Khamidov,K"]
[Black "Sliwicka,Alicja"]
[Result "1-0"]
[WhiteElo "2080"]
[BlackElo "1817"]

1.Nf3 d5 2.c4 c5 3.cxd5 Qxd5 4.Nc3 Qd8 5.d4 Nf6 6.Bf4 Bf5 7.dxc5 Nc6 8.Qb3 Na5
9.Qa4+ Bd7 10.Qb4 e6 11.e4 Rc8 12.Bd6 Bxd6 13.cxd6 O-O 14.Bd3 a6 15.O-O b5
16.e5 Nd5 17.Nxd5 exd5 18.Rac1 Re8 19.Rxc8 Bxc8 20.Rc1 Nc4 21.b3 Nxe5 22.Nxe5 Rxe5
23.Qh4 f6 24.Qxh7+ Kf7 25.Qg6+ Kf8 26.f4 Re3 27.Rc7 Bd7 28.Bf5 Qe8 29.Qxe8+ Bxe8
30.d7  1-0

[Event "2nd Arberopen 2013"]
[Site "Bayerisch Eisenstein GER"]
[Date "2013.07.03"]
[Round "5.6"]
[White "Blechzin,I"]
[Black "Wimmer,A"]
[Result "1-0"]
[WhiteElo "2438"]
[BlackElo "2027"]

1.Nf3 d5 2.c4 c6 3.d4 Nf6 4.e3 Bf5 5.Bd3 Bg6 6.Nc3 e6 7.O-O Be7 8.Ne5 Bxd3
9.Qxd3 Nbd7 10.f4 O-O 11.b3 Bb4 12.Bd2 Bxc3 13.Bxc3 Ne4 14.Bb4 Re8 15.a4 f6
16.Nf3 f5 17.Be1 h6 18.Ra2 Ndf6 19.Bh4 Qc7 20.Bxf6 Nxf6 21.Nd2  1-0

[Event "Karvina Open 2013"]
[Site "Karvina CZE"]
[Date "2013.07.03"]
[Round "5.26"]
[White "Snopek,J"]
[Black "Dobrucki,Tymoteusz"]
[Result "1/2-1/2"]
[WhiteElo "1869"]
[BlackElo "1473"]

1.Nf3 d5 2.c4 e6 3.g3 Nf6 4.b3 Be7 5.Bb2 O-O 6.Bg2 b6 7.O-O Bb7 8.d3 Nbd7
9.Nbd2 c5 10.cxd5 Bxd5 11.Rc1 Rc8 12.Nc4 b5 13.Ne3 Ba8 14.Rc2 a6 15.Qd2 Qb6
16.Bc3 Nd5 17.Nxd5 Bxd5 18.e4 Ba8 19.e5 b4 20.Ba1 Qb8 21.Re1 Nb6  1/2-1/2

[Event "11th Niki Open 2013"]
[Site "Nachod CZE"]
[Date "2013.07.03"]
[Round "5.2"]
[White "Tesar,J"]
[Black "Jirka,J"]
[Result "0-1"]
[WhiteElo "2094"]
[BlackElo "2432"]

1.Nf3 d5 2.c4 d4 3.e3 Nc6 4.b4 dxe3 5.fxe3 Nxb4 6.Qa4+ Nc6 7.d4 Bd7 8.Qb3 e6
9.a3 Nf6 10.Bd3 Na5 11.Qc2 c5 12.O-O Be7 13.Bb2 Rc8 14.Nbd2 b5 15.Ne5 bxc4
16.Ndxc4 Nxc4 17.Nxc4 O-O 18.e4 cxd4 19.e5 Ng4 20.Qe2 Bb5 21.Rf4 Bxc4 22.Bxc4 Nxe5
23.Bxe6 Ng6 24.Rxf7 Rxf7 25.Rf1 Bf6 26.g4 Rc7 27.Bc1 d3 28.Qa2 Qd4+ 29.Kh1 Qe4+  0-1

[Event "11th Niki Open 2013"]
[Site "Nachod CZE"]
[Date "2013.07.03"]
[Round "5.11"]
[White "Piza,V"]
[Black "Velecky,V"]
[Result "1-0"]
[WhiteElo "2264"]
[BlackElo "2111"]

1.Nf3 d5 2.c4 c6 3.b3 Nf6 4.g3 Bf5 5.Bg2 e6 6.O-O Nbd7 7.Bb2 Be7 8.d3 O-O
9.Nh4 Bg4 10.h3 Bh5 11.g4 Ne8 12.Nf3 Bg6 13.Nbd2 Nd6 14.Rc1 f5 15.Nd4 Bf7
16.cxd5 cxd5 17.gxf5 Nxf5 18.Nxf5 exf5 19.Nf3 Bd6 20.Qd2 f4 21.Bd4 Qe7 22.Rc2 Be6
23.Kh2 Qf7 24.Rg1 Qh5 25.Bf1 Nf6 26.Rg5 Qh6 27.Bc5 Bxc5 28.Rxc5 Rf7 29.Qc3 Bg4
30.Re5 Raf8 31.Rc7 Bd7 32.Rg5 Ne4 33.dxe4 dxe4 34.Rxd7 Rxd7 35.Qc4+ Kh8 36.Qxe4 Qf6
37.Re5 Qb6 38.Kg1 Qg6+ 39.Qxg6 hxg6 40.Kh2 Kg8 41.h4 Rf5 42.Re4 Rf6 43.Bh3 Rc7
44.Ng5 Rf8 45.Be6+ Kh8 46.Bc4  1-0

[Event "Opatija Open A 2013"]
[Site "Opatija CRO"]
[Date "2013.07.03"]
[Round "5.7"]
[White "Vrhovnik,D"]
[Black "Mufic,Go"]
[Result "0-1"]
[WhiteElo "2104"]
[BlackElo "2261"]

1.Nf3 d5 2.c4 e6 3.g3 Nf6 4.b3 Be7 5.Bg2 O-O 6.Bb2 b6 7.O-O Bb7 8.e3 c5 9.Qe2 Nc6
10.d3 Rc8 11.Nc3 Rc7 12.Rad1 Rd7 13.Ne1 dxc4 14.bxc4 Ne8 15.f4 Nb4 16.Bxb7 Rxb7
17.f5 Bf6 18.a3 Nc6 19.Ne4 Bxb2 20.Qxb2 exf5 21.Rxf5 Rd7 22.Qe2 g6 23.Rf4 f5
24.Nc3 Nf6 25.Nf3 Re8 26.e4 Nd4 27.Nxd4 cxd4 28.Nd5 Nxd5 29.cxd5 Rde7 30.Rdf1 Qxd5
31.Qf2 Qc6 32.exf5 Re2 33.Qf3 Qxf3 34.R1xf3 Ra2 35.fxg6 Re1+ 36.Rf1 Rxf1+
37.Kxf1 hxg6 38.Rxd4 Rxa3 39.Ke2 Kf7 40.Ke3 a5 41.Rd7+ Ke6 42.Rg7 Kf5 43.Rf7+ Ke6
44.Rg7 Kf6 45.Rb7 Rb3 46.Ke4 a4 47.h4 a3 48.Ra7 b5 49.g4 Rb4+ 50.d4 Ra4  0-1

[Event "Karvina Open 2013"]
[Site "Karvina CZE"]
[Date "2013.07.04"]
[Round "6.5"]
[White "Zabystrzan,P"]
[Black "Lys,J"]
[Result "0-1"]
[WhiteElo "2300"]
[BlackElo "2182"]

1.Nf3 d5 2.c4 c6 3.e3 Nf6 4.Nc3 g6 5.d4 Bg7 6.b3 O-O 7.Bb2 Bg4 8.Be2 a6 9.O-O b5
10.a4 b4 11.Na2 a5 12.Nc1 Ne4 13.Nd3 dxc4 14.bxc4 c5 15.Nde5 Bf5 16.Qb3 Bxe5
17.dxe5 Nd2 18.Nxd2 Qxd2 19.Bf3 Bc2 20.Qa2 Ra7 21.Rac1 b3 22.Qa1 e6 23.Bc3 Qd3
24.Bd1 Nc6 25.Bxc2 bxc2 26.Qb2 Nb4 27.Qb3 Rd8 28.g3 Rad7 29.Rfe1 g5 30.Qb2 Qxc4
31.Bxb4 cxb4 32.Rxc2 Qe4 33.Qc1 Kg7 34.Rc8 Rxc8 35.Qxc8 Rd2 36.Qb8 Qc2 37.Rf1 b3  0-1

[Event "41st TCh-GRE"]
[Site "Rio (Achaia) GRE"]
[Date "2013.07.04"]
[Round "4.6"]
[White "Papathanasiou,E"]
[Black "Papathanasiou,Ag"]
[Result "1-0"]
[WhiteElo "1881"]
[BlackElo "1778"]

1.Nf3 d5 2.c4 Nf6 3.e3 c6 4.Nc3 e6 5.b3 Bd6 6.Bb2 Nbd7 7.Qc2 O-O 8.Be2 Re8
9.O-O e5 10.cxd5 Nxd5 11.Ne4 Bc7 12.Neg5 N7f6 13.d3 Qe7 14.Rfd1 Bg4 15.Rac1 Rad8
16.a3 Nd7 17.Qc4 Bh5 18.b4 a6 19.Ne4 Kh8 20.Ng3 Bg6 21.Nh4 Bb6 22.Nxg6+ hxg6
23.Nf1 f5 24.Bf3 e4 25.dxe4 fxe4 26.Be2 Qh4 27.Bd4 Bc7 28.f4 g5 29.g3 Qh3
30.Qc2 gxf4 31.exf4 N7f6 32.Bc4 Bb8 33.Qg2 Qh5 34.Be2 Qg6 35.Qh3+ Kg8 36.Qg2 Nh5
37.Ne3 Qf7 38.Bc4 Re6 39.Kh1 Rh6 40.Ng4 Rh7 41.Ne5 Bxe5 42.fxe5 Qg6 43.Kg1 Qg4
44.Re1 Kh8 45.Rxe4 Qg5 46.Rf1 Qe7 47.Bc5 Qc7 48.Qf3 Rh6 49.Bd3 g6 50.e6 Rh7
51.Bd4+ Kg8 52.Qg4 Ne7 53.Re2 Ng7 54.Bxg6 Nxg6 55.Qxg6 Rxd4 56.e7  1-0

[Event "Karvina Open 2013"]
[Site "Karvina CZE"]
[Date "2013.07.05"]
[Round "7.8"]
[White "Madynski,P"]
[Black "Mroziak,M"]
[Result "0-1"]
[WhiteElo "2092"]
[BlackElo "2169"]

1.Nf3 d5 2.c4 e6 3.b3 Nf6 4.Bb2 c5 5.e3 Nc6 6.cxd5 exd5 7.d4 Bg4 8.Be2 Rc8
9.O-O Bd6 10.Nc3 Bxf3 11.Bxf3 cxd4 12.exd4 O-O 13.g3 Qa5 14.a3 Ne7 15.b4 Qd8
16.Re1 Qd7 17.Qd3 Rfd8 18.Rac1 Bb8 19.Ne2 b5 20.Rc5 a6 21.Rec1 Ba7 22.Rxc8 Rxc8
23.Rxc8+ Nxc8 24.Bc1 Nd6 25.Bg5 Nfe4 26.Bf4 f5 27.Bxd6 Qxd6 28.Qc2 Qd7 29.Qb3 Qc6
30.Bxe4 fxe4 31.Nc3 Qc4 32.Qxc4 dxc4 33.d5 Bd4 34.Na2 Kf7 35.Kf1 Kf6 36.Ke2 Ke5  0-1

[Event "Karvina Open 2013"]
[Site "Karvina CZE"]
[Date "2013.07.05"]
[Round "7.19"]
[White "Snopek,J"]
[Black "Stehlik,Jiri1"]
[Result "0-1"]
[WhiteElo "1869"]
[BlackElo "1986"]

1.Nf3 d5 2.c4 d4 3.d3 c5 4.g3 Nc6 5.Bg2 e5 6.O-O Bd6 7.Re1 Nge7 8.Ng5 Ng6
9.Ne4 Be7 10.Na3 f5 11.Nd2 O-O 12.Nc2 Be6 13.a3 a5 14.Rb1 Qd7 15.Nf3 h6 16.h4 Rae8
17.Bd2 Bd6 18.h5 Nh8 19.b4 axb4 20.axb4 Bf7 21.bxc5 Bxc5 22.Rb5 b6 23.Nh4 Bxh5
24.Bxc6 Qxc6 25.Nb4 Qd6 26.Qb3 g5 27.Ng2 Ra8 28.Nc2 Be8 29.Rb1 Bxb5 30.cxb5+ Kg7
31.Nb4 Rf7 32.Na6 Ng6 33.Nxc5 bxc5 34.b6 Rb7 35.Qb5 Nf8 36.f4 exf4 37.gxf4 Ra2  0-1

[Event "11th Niki Open 2013"]
[Site "Nachod CZE"]
[Date "2013.07.05"]
[Round "7.13"]
[White "Tesar,J"]
[Black "Vlckova,Katerina"]
[Result "0-1"]
[WhiteElo "2094"]
[BlackElo "1839"]

1.Nf3 d5 2.c4 c6 3.b3 Nf6 4.Bb2 Bf5 5.d3 e6 6.Nbd2 h6 7.e3 Nbd7 8.Qe2 Nc5
9.Ne5 Bd6 10.Ndf3 dxc4 11.bxc4 Qa5+ 12.Qd2 Qxd2+ 13.Kxd2 Rd8 14.Kc2 O-O 15.h3 Nfd7
16.e4 Nxe5 17.Nxe5 Bh7 18.g4 Bxe5 19.Bxe5 Nxe4 20.Rh2 Ng5 21.Be2 Nf3 22.Bxf3 Rxd3
23.Kb2 Rxf3 24.Rd1 Bd3 25.c5 Rd8 26.Bg3 Rd5 27.Rc1 Bg6 28.Rc3 Rxc3 29.Kxc3 Rxc5+
30.Kb3 Be4 31.Bb8 Bd5+ 32.Kb2 Rb5+ 33.Ka1 a5 34.f4 a4 35.Rb2 Rxb2 36.Kxb2 Kh7
37.h4 h5 38.g5 Kg6 39.Be5 f6 40.gxf6 gxf6 41.Bd6 Kf5 42.Be7 e5 43.fxe5 fxe5
44.a3 e4 45.Kc3 Kf4 46.Kd4 Kf3 47.Bg5 b5 48.Bd2 Bf7 49.Bb4 e3 50.Bc3 Kf2  0-1

[Event "6th ch-Cent SRB Int 2013"]
[Site "Paracin SRB"]
[Date "2013.07.05"]
[Round "1.26"]
[White "Arsovic,Z"]
[Black "Dodic,D"]
[Result "1-0"]
[WhiteElo "2417"]
[BlackElo "2141"]

1.Nf3 d5 2.c4 c6 3.g3 Nf6 4.Bg2 Bg4 5.Ne5 Bf5 6.cxd5 cxd5 7.Nc3 Nbd7 8.Qa4 e6
9.g4 Bg6 10.h4 h6 11.d4 Bd6 12.Nxg6 fxg6 13.Qc2 Kf7 14.g5 hxg5 15.hxg5 Rxh1+
16.Bxh1 Ng8 17.e4 dxe4 18.Qxe4 Ne7 19.Bd2 Rb8 20.Nb5 Qb6 21.Nxd6+ Qxd6 22.Qf4+ Nf5
23.Qxd6 Nxd6 24.Rc1 Rh8 25.Bxb7 Rb8 26.Bc6 Ke7 27.b3 Nf5 28.Bxd7 Kxd7 29.Bf4 Rb7
30.Be5 Ne7 31.Bxg7 Kd6 32.Be5+ Kd7 33.Kd2 Nd5 34.Rh1 Nb4 35.a3 Nd5 36.Kc2 Kc6
37.f4 Ne3+ 38.Kc3 Nf5 39.Rh8 Kd5 40.b4 Rb6 41.Kd3 a5 42.Rc8 Rc6  1-0

[Event "Polugaevsky Mem 2013"]
[Site "Samara RUS"]
[Date "2013.07.05"]
[Round "4.10"]
[White "Gordievsky,D"]
[Black "Bochkarev,Alexey"]
[Result "1-0"]
[WhiteElo "2474"]
[BlackElo "2309"]

1.Nf3 d5 2.c4 c6 3.e3 e6 4.b3 f5 5.Bb2 Nf6 6.Be2 Bd6 7.O-O O-O 8.Qc2 Qe7
9.Nc3 Bd7 10.Nd4 Na6 11.cxd5 Nb4 12.Qb1 cxd5 13.Ncb5 Bc5 14.a3 Nc6 15.b4 Bb6
16.Nb3 a6 17.N5d4 Rfc8 18.Rc1 Ne5 19.d3 Ba4 20.h3 Ned7 21.Qa2 Qd6 22.Na5 Rxc1+
23.Rxc1 Rb8 24.Qa1 f4 25.e4 e5 26.Nf3 Bxa5 27.bxa5 Re8 28.exd5 Bb3 29.Bc3 Bxd5
30.Bb4 Qe6 31.Qb2 Bc6 32.Nd2 Qf5 33.Rd1 Qg6 34.Bf3 Bxf3 35.Nxf3 Nd5 36.Qb3 Qc6
37.Re1 Kh8 38.Nd4 Qc8 39.Nf5 Qc6 40.Nd4 Nc5 41.Nxc6 Nxb3 42.Rxe5 Rxe5 43.Nxe5 Kg8
44.Kf1 Nd4 45.Ke1 Nc6 46.Nd7 Ncxb4 47.axb4 Nxb4 48.Nc5 Kf7 49.Kd2 Nc6 50.Nxb7 Ke6
51.Nc5+ Kd5 52.Nxa6 Nxa5 53.Nb4+ Kd4 54.Nc2+ Kd5 55.Kc3 Nb7 56.d4 Ke4 57.f3+ Kd5
58.Nb4+ Ke6 59.Nd3 g5 60.Nc5+  1-0

[Event "36th Barbera Open"]
[Site "Barbera del Valles ESP"]
[Date "2013.07.06"]
[Round "3.24"]
[White "Yakushev,Vl"]
[Black "Martynov,P2"]
[Result "0-1"]
[WhiteElo "2111"]
[BlackElo "2321"]

1.Nf3 d5 2.c4 c6 3.g3 Nf6 4.Bg2 dxc4 5.Na3 b5 6.Nxb5 cxb5 7.Ng5 Nd5 8.e4 Nb6
9.e5 e6 10.d4 cxd3 11.O-O Be7 12.Qh5 g6 13.Qh6 Bf8 14.Qh3 Nd5 15.Rd1 Nc6
16.Bf4 Bg7 17.Rxd3 h6 18.Bxd5 exd5 19.Qg2 hxg5 20.Rxd5 Qe7 21.Bxg5 Qxg5 22.e6 Bxe6  0-1

[Event "2nd Arberopen 2013"]
[Site "Bayerisch Eisenstein GER"]
[Date "2013.07.06"]
[Round "8.9"]
[White "Santl,A"]
[Black "De Andres Gonalons,F"]
[Result "1/2-1/2"]
[WhiteElo "2069"]
[BlackElo "2099"]

1.Nf3 d5 2.c4 e6 3.g3 Nf6 4.Bg2 dxc4 5.O-O c5 6.Qa4+ Nbd7 7.Qxc4 b6 8.d3 Bb7
9.e4 Be7 10.b3 O-O 11.Bb2 Rc8 12.Nbd2 g6 13.Rfe1 b5 14.Qc2 Nb8 15.Rac1 Nc6
16.Qb1 Qb6 17.h3 Rfd8 18.Bf1 Rd7 19.Ne5 Nxe5 20.Bxe5 Rcd8 21.Bc3 Ne8 22.Re3 Bg5
23.f4 Be7 24.Kg2 f6 25.Nf3 Nd6 26.Rce1 Nf7 27.Qc2 a5 28.Qd2 b4 29.Bb2 Ba6
30.Qc2 Qb8 31.Nd2 e5 32.Rf3 exf4 33.gxf4 Bd6 34.Nc4 Bxc4 35.Qxc4 Kh8 36.Qe6 Bxf4
37.Bxf6+ Kg8  1/2-1/2

[Event "Werner-Ott-Open 2013"]
[Site "Berlin GER"]
[Date "2013.07.06"]
[Round "1.10"]
[White "Daverkausen,B"]
[Black "Schoenberger,K"]
[Result "1-0"]
[WhiteElo "2216"]
[BlackElo "1892"]

1.Nf3 d5 2.c4 e6 3.g3 Nf6 4.Bg2 Bd6 5.O-O O-O 6.d4 c6 7.Nbd2 Nbd7 8.Qc2 Re8
9.e4 dxe4 10.Nxe4 Nxe4 11.Qxe4 e5 12.Re1 Nf6 13.Qh4 Bb4 14.Rxe5 Bg4 15.Rxe8+ Qxe8
16.Bg5 Qe2 17.Bxf6 Bxf3 18.Bxf3 Qxf3 19.Be7 Bd2 20.Bg5 Bxg5 21.Qxg5 Re8 22.Qa5 Qe2
23.Qc3 f5 24.d5 cxd5 25.cxd5 Kf7 26.d6 Qe5 27.Qc7+ Kf8 28.Rc1 Re6 29.Qc8+  1-0

[Event "IsBank TCh-TUR 2013"]
[Site "Denizli TUR"]
[Date "2013.07.06"]
[Round "9.9"]
[White "Gokerkan,Cem Kaan"]
[Black "Sevgi,V"]
[Result "1-0"]
[WhiteElo "1888"]
[BlackElo "2005"]

1.Nf3 d5 2.c4 c6 3.d4 Nf6 4.Qc2 g6 5.Bf4 Bg7 6.e3 O-O 7.Nbd2 Nh5 8.Bg5 Be6
9.Bd3 Nd7 10.O-O h6 11.Bh4 f5 12.cxd5 cxd5 13.Rac1 Nhf6 14.Qb3 b6 15.e4 fxe4
16.Nxe4 g5 17.Bg3 Nxe4 18.Bxe4 Nf6 19.Bb1 Rc8 20.Rxc8 Qxc8 21.Qa3 Qb7 22.Re1 Ne4
23.Qe3 Bf5 24.Be5 Bf6 25.h4 Qd7 26.hxg5 Bxg5 27.Nxg5 Nxg5 28.Bf4 Rf6 29.Bxg5 Re6
30.Qd2 Bxb1 31.Rxb1 hxg5 32.Qxg5+ Kf7 33.Qh5+ Kg7 34.Rd1 Rg6 35.Rd3 Qd6 36.Rh3 Kf7
37.Rg3 Kg7 38.Rxg6+ Qxg6 39.Qxg6+ Kxg6 40.f3 Kf5 41.Kf2 Kf4 42.g3+ Kg5 43.f4+ Kg4
44.Kg2 a6 45.a4 b5 46.axb5 axb5 47.b4 e6 48.Kf2 Kf5 49.Kf3 Kf6 50.g4  1-0

[Event "ch-NOR 2013"]
[Site "Lillehammer NOR"]
[Date "2013.07.06"]
[Round "9.2"]
[White "Elsness,F"]
[Black "Johannessen,LE"]
[Result "1/2-1/2"]
[WhiteElo "2494"]
[BlackElo "2520"]

1.Nf3 d5 2.c4 c6 3.e3 g6 4.Nc3 Nf6 5.d4 Bg7 6.Be2 O-O 7.O-O a6 8.b3 Bg4 9.h3 Bxf3
10.Bxf3 e6 11.Ba3 Re8 12.Rc1 Nbd7 13.Qd2 Qb8 14.e4 dxe4 15.Bxe4 Nxe4 16.Nxe4 Nf6
17.Ng3 Rd8 18.Rfd1 Rd7 19.Qe3 Qd8 20.Ne2 Qa5 21.Bb2 Rad8 22.Bc3 Qa3 23.Rd2 b5
24.Bb2 Qa5 25.Rdc2 bxc4 26.bxc4 Ne8 27.Qb3 c5 28.Bc3 Qc7 29.Qa4 Rc8 30.dxc5 Qc6
31.Qxc6 Rxc6 32.Rb1 Bxc3 33.Nxc3 Nf6 34.Na4 Ne4 35.Rb6 Rdc7 36.Kf1 Nxc5 37.Rxc6 Rxc6
38.Nxc5 Rxc5 39.Ke2 Kf8 40.Kd3 Ke7 41.Rb2 Kd6 42.Rb6+ Rc6 43.Rb7 Rc7 44.Rxc7 Kxc7
45.Kd4 Kd6 46.f4 h6 47.h4 h5 48.c5+ Kd7 49.Ke5 Ke7 50.Kd4 f6 51.a4 Kd7 52.Kc4 Kc6
53.Kd4 Kd7 54.Ke4 Kc7 55.Kd3 Kc6 56.Kd4 Kd7 57.Kd3 Kc6 58.Kd4  1/2-1/2

[Event "ch-SWE 2013"]
[Site "Orebro SWE"]
[Date "2013.07.06"]
[Round "1.3"]
[White "Hillarp Persson,T"]
[Black "Hector,J"]
[Result "1-0"]
[WhiteElo "2528"]
[BlackElo "2509"]

1.Nf3 d5 2.c4 d4 3.b4 f6 4.Na3 e5 5.Nc2 b5 6.cxb5 a6 7.e4 Be6 8.Bb2 axb5
9.Bxb5+ c6 10.Bd3 c5 11.bxc5 Bxc5 12.Nxe5 fxe5 13.Qh5+ Kf8 14.Qxe5 Qe7 15.Nxd4 Bxd4
16.Qxd4 Nf6 17.O-O Kf7 18.Qe3 Rd8 19.Be2 Rxa2 20.Rxa2 Bxa2 21.Bxf6 gxf6 22.d4 Nd7
23.Ra1 Qb4 24.Qc1 Bb3 25.Rb1 Ke8 26.e5 Qxd4 27.Rxb3 Nxe5 28.h3 Qd2 29.Bh5+ Kf8
30.Qc5+ Qd6 31.Qa7 Qe7 32.Rb7 Rd7 33.Rb8+ Kg7 34.Qe3 Ng6 35.Qxe7+ Rxe7 36.g3 Ra7
37.Bg4 Ra2 38.Rb7+ Kh6 39.h4 Ra5 40.Kg2 Re5 41.Rf7 Re4 42.Bf5 Re5 43.Bh3 Re2
44.Rxf6 Kg7 45.Ra6 h5 46.Bf5 Ne7 47.Re6 Rxe6 48.Bxe6 Kf6 49.Bd7 Kf7 50.Bb5 Nc8
51.Kf3 Nd6 52.Bd3 Kf6 53.Kf4 Nf7 54.Bc4 Nd6 55.Be2 Kg6 56.Ke5 Nf7+ 57.Ke6 Nd8+
58.Kd5 Nf7 59.Bb5 Kh6 60.Be8 Nd8 61.f4 Nb7 62.f5 Na5 63.f6 Nb3 64.Bxh5  1-0

[Event "6th ch-Cent SRB Int 2013"]
[Site "Paracin SRB"]
[Date "2013.07.06"]
[Round "3.45"]
[White "Radovic,Luka"]
[Black "Dodic,D"]
[Result "1/2-1/2"]
[WhiteElo "2065"]
[BlackElo "2141"]

1.Nf3 d5 2.c4 c6 3.g3 Nf6 4.b3 Bf5 5.Bb2 Nbd7 6.Bg2 e6 7.O-O h6 8.d3 Be7
9.Nbd2 O-O 10.Rc1 a5 11.a3 Bh7 12.Qc2 Rc8 13.Qb1 c5 14.cxd5 exd5 15.Qa1 Re8
16.e4 d4 17.b4 axb4 18.axb4 b6 19.Qa2 Bf8 20.Qb3 g5 21.h3 Bg6 22.Nc4 Bh5  1/2-1/2

[Event "6th ch-Cent SRB Int 2013"]
[Site "Paracin SRB"]
[Date "2013.07.06"]
[Round "3.37"]
[White "Pantic,I"]
[Black "Kovacevic,Boz"]
[Result "1-0"]
[WhiteElo "2193"]
[BlackElo "1933"]

1.Nf3 d5 2.c4 c6 3.e3 Nf6 4.Nc3 e6 5.b3 Nbd7 6.Qc2 a6 7.Bb2 Be7 8.d4 dxc4
9.bxc4 c5 10.Bd3 Qc7 11.O-O O-O 12.d5 Ne5 13.Nxe5 Qxe5 14.Ne4 Qh5 15.Ng3 Qh6
16.e4 exd5 17.cxd5 Bd6 18.Rfe1 Bxg3 19.fxg3 b6 20.Rab1 Rd8 21.Bc1 Qh5 22.Rxb6 Ng4
23.h3 Nf6 24.Bf4 Bd7 25.Qd2 Bb5 26.g4 Qh4 27.Bc2 Nxd5 28.exd5 Rxd5 29.Qe3 Qd8
30.Be4 Qxb6 31.Bxd5 Rf8 32.Qe7 c4+ 33.Be3 Qd8 34.Bxf7+ Kh8 35.Qxd8 Rxd8 36.Rc1 Rc8
37.Bd4 h6 38.Bc3 Kh7 39.Re1 Rc7 40.Be6 g6 41.Rf1 Re7 42.Rf8  1-0

[Event "41st TCh-GRE"]
[Site "Rio (Achaia) GRE"]
[Date "2013.07.06"]
[Round "6.2"]
[White "Kanellopoulos,P"]
[Black "Miton,K"]
[Result "0-1"]
[WhiteElo "2241"]
[BlackElo "2606"]

1.Nf3 d5 2.c4 d4 3.b4 f6 4.e3 e5 5.c5 Be6 6.Bb2 d3 7.Nc3 a5 8.Qa4+ Nc6 9.b5 Nb4
10.Rc1 Bxc5 11.Ne4 Be7 12.a3 Nc2+ 13.Rxc2 dxc2 14.Qxc2 Nh6 15.Bc4 Bxc4 16.Qxc4 Nf7
17.d4 f5 18.Ng3 Nd6 19.Qd5 e4 20.Ne5 Rf8 21.Qe6 g6 22.a4 Nf7 23.Nxf7 Rxf7
24.O-O Qd6 25.Qc4 Rd8 26.Rc1 Bf8 27.Bc3 b6 28.Bb2 Qd5 29.Qc2 Bd6 30.Ne2 Kf8
31.Nc3 Qe6 32.g3 Re8 33.Ne2 g5 34.Qc4 Qxc4 35.Rxc4 Ke7 36.d5 Bc5 37.Bd4 Kd6
38.Nc3 g4 39.h4 gxh3 40.Kh2 Rg8 41.Kxh3 h5 42.Ne2 Kxd5 43.Rc1 Bd6 44.Rc6 Rg4
45.Bb2 h4 46.gxh4 Rh7 47.Bf6 Ke6 48.Bd8 Kd7 49.Bf6 Rh6  0-1

[Event "41st TCh-GRE"]
[Site "Rio (Achaia) GRE"]
[Date "2013.07.06"]
[Round "6.5"]
[White "Paehtz,E"]
[Black "Berzina,I"]
[Result "1-0"]
[WhiteElo "2454"]
[BlackElo "2276"]

1.Nf3 d5 2.c4 c6 3.e3 e6 4.b3 Nf6 5.Bb2 Nbd7 6.d4 Ne4 7.Nbd2 f5 8.Nxe4 fxe4
9.Nd2 Nf6 10.Qc2 Ng4 11.h3 Qh4 12.g3 Qh6 13.Be2 Nf6 14.O-O-O Be7 15.h4 e5
16.dxe5 Ng4 17.cxd5 Nxf2 18.d6 Bd8 19.Rhe1 O-O 20.Bc4+ Be6 21.Bxe6+ Qxe6
22.Nxe4 Nxd1 23.Rxd1 Bb6 24.Bd4 c5 25.Ng5 Qf5 26.Qc4+ Kh8 27.Bc3 h6 28.Ne6 Rfe8
29.Nf4 Qg4 30.Qe4 Qxg3 31.d7 c4 32.dxe8=Q+ Rxe8 33.Ng6+ Kg8 34.Qxc4+ Kh7
35.h5 Bxe3+ 36.Kb1 Qh3 37.Qd3 Kg8 38.Re1  1-0

[Event "Styrian Open A 2013"]
[Site "Bad Gleichenberg AUT"]
[Date "2013.07.07"]
[Round "2.23"]
[White "Notegger,P"]
[Black "Behling,R"]
[Result "1/2-1/2"]
[WhiteElo "1941"]
[BlackElo "2137"]

1.Nf3 d5 2.c4 e6 3.g3 Nf6 4.Bg2 dxc4 5.Qa4+ Nbd7 6.Qxc4 c5 7.O-O a6 8.b3 b5
9.Qc2 Bb7 10.Bb2 Rc8 11.d3 Be7 12.Nbd2 O-O 13.Rac1 Qb6 14.Qb1 Rfd8 15.Rc2 Bd5
16.Rfc1 Qb7 17.Qa1 Bf8 18.Bf1 Qa8 19.Ne5 Nxe5 20.Bxe5 Nd7 21.Bb2 Qb8 22.Bg2 Bxg2
23.Kxg2 Nb6  1/2-1/2

[Event "FSIM July 2013"]
[Site "Budapest HUN"]
[Date "2013.07.07"]
[Round "2.4"]
[White "Toth,Sar"]
[Black "Szabolcsi,J"]
[Result "0-1"]
[WhiteElo "2178"]
[BlackElo "2350"]

1.Nf3 d5 2.c4 c6 3.g3 Nf6 4.Bg2 dxc4 5.O-O e6 6.Qc2 b5 7.a4 Bb7 8.b3 cxb3
9.Qxb3 a6 10.Ne5 Bd6 11.Nc4 Be7 12.Nc3 O-O 13.Ba3 Bxa3 14.Rxa3 Qc7 15.Ne3 Nbd7
16.Rc1 Qd6 17.axb5 axb5 18.Rxa8 Bxa8 19.Qa2 Nb6 20.d3 Nbd5 21.Ncxd5 Nxd5
22.Nxd5 exd5 23.d4 Bb7 24.Qa7 Qd7 25.Qb6 Ra8 26.Bxd5 cxd5 27.Rc7 Qh3  0-1